Working A Democratic Constitution A History Of The Indian Experience (Record no. 694570)

MARC details
000 -LEADER
fixed length control field 00376nam a2200133Ia 4500
008 - FIXED-LENGTH DATA ELEMENTS--GENERAL INFORMATION
fixed length control field 230627s9999 xx 000 0 und d
020 ## - INTERNATIONAL STANDARD BOOK NUMBER
International Standard Book Number 978-0-19-565610-7
041 ## - LANGUAGE CODE
Language code of text/sound track or separate title mar
082 ## - DEWEY DECIMAL CLASSIFICATION NUMBER
Classification number 342
Item number AUS
100 ## - MAIN ENTRY--PERSONAL NAME
Personal name Austin G
245 ## - TITLE STATEMENT
Title Working A Democratic Constitution A History Of The Indian Experience
250 ## - EDITION STATEMENT
Edition statement 3ed.
260 ## - PUBLICATION, DISTRIBUTION, ETC.
Place of publication, distribution, etc. New York
Name of publisher, distributor, etc. Oxford University Press
Date of publication, distribution, etc. 2006
Holdings
Withdrawn status Lost status Damaged status Not for loan Collection Home library Current library Shelving location Date acquired Cost, normal purchase price Total Checkouts Full call number Barcode Date last seen Price effective from Koha item type
        NLP LL.B New Law College, Pune New Law College, Pune NLP-Rack No-48 31/03/2007 395.00   342 AUS NLP-N25142 17/07/2023 17/07/2023 Book